| 000 | 006070000a22001810004500 | ||
|---|---|---|---|
| 003 | MACL | ||
| 005 | 20160324115431.0 | ||
| 008 | 160324b xxu||||| |||| 00| 0 eng d | ||
| 040 |
_aMACL _cMACL |
||
| 041 | _aHindi | ||
| 082 | _a300 | ||
| 100 |
_aचूण्डावत रानी लक्ष्मीकूुमारी _948160 |
||
| 245 | _aसांकृतिक राजस्थान | ||
| 260 |
_bराजस्थान पीपुल्स पब्लिशिंग _c1994 _aजयपुर |
||
| 350 | _a15 | ||
| 650 |
_aSociology _948161 |
||
| 942 |
_cHIN _k300 _2ddc |
||
| 999 |
_c20222 _d20222 |
||